|
|
|
|
| LEADER |
01235nam a2200325 a 4500 |
| 001 |
EBC991915 |
| 003 |
MiAaPQ |
| 005 |
20200520144314.0 |
| 006 |
m o d | |
| 007 |
cr cn||||||||| |
| 008 |
120813s2012 sz a sb 000 0 eng d |
| 020 |
|
|
|z 9789292510091
|
| 020 |
|
|
|a 9789292510107 (electronic bk.)
|
| 035 |
|
|
|a (MiAaPQ)EBC991915
|
| 035 |
|
|
|a (Au-PeEL)EBL991915
|
| 035 |
|
|
|a (CaPaEBR)ebr10583478
|
| 035 |
|
|
|a (OCoLC)793374173
|
| 040 |
|
|
|a MiAaPQ
|c MiAaPQ
|d MiAaPQ
|
| 050 |
|
4 |
|a HD5701.5
|b .W67 2012
|
| 245 |
0 |
0 |
|a World of work report 2012
|h [electronic resource] :
|b better jobs for a better economy.
|
| 260 |
|
|
|a Geneva :
|b International Labour Organization,
|c 2012.
|
| 300 |
|
|
|a xvii, 108 p. :
|b ill. (some col.).
|
| 490 |
0 |
|
|a World of work report,
|x 2049-9272
|
| 504 |
|
|
|a Includes bibliographical references.
|
| 533 |
|
|
|a Electronic reproduction. Ann Arbor, MI : ProQuest, 2015. Available via World Wide Web. Access may be limited to ProQuest affiliated libraries.
|
| 650 |
|
0 |
|a Employment (Economic theory)
|
| 650 |
|
0 |
|a International finance.
|
| 655 |
|
4 |
|a Electronic books.
|
| 710 |
2 |
|
|a ProQuest (Firm)
|
| 856 |
4 |
0 |
|u https://ebookcentral.proquest.com/lib/matrademy/detail.action?docID=991915
|z Click to View
|